000
00366nam a2200133Ia 4500
008
151001s9999||||xx |||||||||||||| ||und||
100
_a
Galsworthy John
245
4
_a
The man of Property
250
_a
1
260
_b
W.Heineman Ltd.
260
_c
1972
300
_a
395
365
_b
18
999
_c
962925
_d
962922